LEADER 01347nam a2200337 u 4500 001 000000048444 003 CaOOAMICUS 005 20070226115011.0 008 000504s1912 gw u000 u ger u 035 $a10846828 040 $aISV$bita 041 0 $ager$agrc 100 1 $aWünsch, Richard,$d1869-1915.$0(OLS)http://pul/name/35169 245 10$aAntike fluchtafeln /$cherausgegeben und erklärt von Richard Wünsch. 250 $a2. Aufl. 260 $aBonn :$bA. Marcus und E. Weber,$c1912. 300 $a30 p. ;$c20 cm 490 1 $aKleine Texte für Vorlesungen und Übungen ;$v20 500 $aIncludes index. 650 4$aRoman law.$0(OLS)http://pul/subject/117 650 0$aInscriptions, Greek.$2//eng$0(OLS)http://pul/subject/943 650 0$aIncantations, Greek.$2//eng$0(OLS)http://pul/subject/20446 830 0$aKleine Texte für Vorlesungen und Übungen ;$v20.$0(OLS)http://pul/title/703 850 $aPUL 852 $aPUL$W1$xDP1 Fondo Ciprotti$y59$m1547 B 9$j64550$nBK-PRI$b $qFondi$B64550$CPULBib$Z2$F64550 $H $81 941 1 $a1 960 $aDiritto romano$9117 960 $aDiritto romano$9117 961 $aINV: Fondo Ciprotti 996 $6245$aAntike fluchtafeln$9(OLS)http://pul/title/65240 996 $6260$aBonn :$bA. Marcus und E. Weber$9(OLS)http://pul/publisher/48167 LEADER 01333nam a2200289 a 4500 001 000000057485 003 CaOOAMICUS 005 20131217120032.0 008 010510s1946 it u000 u ita r 035 $a10888103 040 $aPUL(R)$bita 245 03$aIl Comunismo e i Cristiani /$cscritti di François Mauriac ... [et. al.] ; prefazione di Mario Bendiscioli ; trad. di Pia Sartori Treves. 260 $aBrescia :$bMorcelliana,$c1946. 300 $axv, 229 p. ;$c20 cm 490 1 $aProblemi e Opinioni 650 4$aCristianesimo e comunismo.$0(OLS)http://pul/subject/12720 700 1 $aMauriac, François,$d1885-1970.$0(OLS)http://pul/name/18268 700 1 $aSartori Treves, Pia,$d1878-1969.$0(OLS)http://pul/name/38287 700 1 $aBendiscioli, Mario,$d1903-1998.$0(OLS)http://pul/name/4245 830 0$aProblemi e Opinioni.$0(OLS)http://pul/title/35206 850 $aPUL 852 $aPUL$W1$xDP1 Fondo Cecchetti$y53$m273 D 42$j75190$nBK-PRI$b $qFondi$B75190$CPULBib$Z2$F75190 $HPUL6779 $81 852 $aPUL$W1$xDP1 Fondo E. Rossi$y115$m3 A 76$j157696$a2. copia$qFondi$B157132$CPULBib$Z2$F157132 $82 941 1 $a1 996 $6245$aIl Comunismo e i Cristiani$9(OLS)http://pul/title/76962 996 $6260$aBrescia :$bMorcelliana$9(OLS)http://pul/publisher/47854